| 000 | 00451pab a2200169 454500 | ||
|---|---|---|---|
| 008 | 180718b1998 xxu||||| |||| 00| 0 eng d | ||
| 100 | _aRajan, S. Irudaya | ||
| 245 | _aLong-term implications of low fertility in Kerala, India | ||
| 260 | _c1998 | ||
| 300 | _ap.41-66. | ||
| 362 | _aSep | ||
| 650 | _aFertility - India - Kerala | ||
| 650 | _aFertility | ||
| 700 | _aZachariah, K.C. | ||
| 773 | _aAsia Pacific Population Journal | ||
| 909 | _a52387 | ||
| 999 |
_c52387 _d52387 |
||